Statistiken für DFB-Pokal Torschützenkönige

Klicken Sie hier um das Quiz zu spielen!

Allgemein

  • Dieses Quiz wurde 412 mal gespielt
    (121 seit der letzten Aktualisierung)
  • Das Durchschnittsergebnis liegt bei 28 aus 104

Antwortstatistiken

JahrNationalitätVereinToreAntwort% Korrekt
2011/12PolenBorussia Dortmund7Robert Lewandowski
95%
2019/20PolenFC Bayern München6Robert Lewandowski
95%
2018/19PolenFC Bayern München7Robert Lewandowski
95%
2017/18PolenFC Bayern München6Robert Lewandowski
95%
2016/17PolenFC Bayern München5Robert Lewandowski
95%
1968/69DeutschlandFC Bayern München7Gerd Müller
93%
1970/71DeutschlandFC Bayern München10Gerd Müller
93%
1966/67DeutschlandFC Bayern München7Gerd Müller
93%
1976/77Deutschland1. FC Köln14Dieter Müller
92%
1977/78Deutschland1. FC Köln8Dieter Müller
92%
2009/10DeutschlandFC Bayern München4Thomas Müller
92%
2013/14DeutschlandFC Bayern München8Thomas Müller
92%
2022/23FrankreichEintracht Frankfurt6Randal Kolo Muani
84%
2020/21EnglandBorussia Dortmund6Jadon Sancho
76%
2021/22DeutschlandHamburger SV5Robert Glatzel
75%
2012/13DeutschlandFC Bayern München6Mario Gómez
71%
2007/08DeutschlandVfB Stuttgart6Mario Gómez
71%
2005/06PeruFC Bayern München5Claudio Pizarro
67%
2004/05PeruFC Bayern München6Claudio Pizarro
67%
2014/15DeutschlandBayer 04 Leverkusen6Stefan Kießling
63%
2008/09Bosnien und HerzegowinaVfL Wolfsburg6Edin Džeko
60%
2003/04BrasilienWerder Bremen6Aílton
58%
2002/03BrasilienFC Bayern München6Giovane Élber
54%
2015/16ArmenienBorussia Dortmund5Henrich Mchitarjan
51%
2009/10ParaguayBorussia Dortmund4Lucas Barrios
49%
2008/09KroatienHamburger SV6Ivica Olić
48%
1981/82DeutschlandFC Bayern München7Karl-Heinz Rummenigge
38%
1954/55DeutschlandAltona 932Dieter Seeler
35%
1962/63DeutschlandHamburger SV6Uwe Seeler
35%
1955/56DeutschlandHamburger SV2Uwe Seeler
35%
1978/79DeutschlandVfB Stuttgart8Dieter Hoeneß
31%
1991/92DeutschlandVfB Stuttgart7Fritz Walter
31%
2006/07DeutschlandVfB Stuttgart5Cacau
27%
2003/04KroatienWerder Bremen6Ivan Klasnić
27%
1979/80DeutschlandFortuna Düsseldorf9Klaus Allofs
24%
1983/84Deutschland1. FC Köln5Klaus Fischer
23%
1971/72DeutschlandFC Schalke 047Klaus Fischer
23%
1989/90NeuseelandWerder Bremen5Wynton Rufer
22%
1993/94NeuseelandWerder Bremen5Wynton Rufer
22%
2010/11Kroatien1. FC Kaiserslautern7Srđan Lakić
21%
1989/90Deutschland1. FC Kaiserslautern5Stefan Kuntz
21%
1987/88DeutschlandBayer 05 Uerdingen5Stefan Kuntz
21%
2001/02BulgarienBayer 04 Leverkusen6Dimitar Berbatow
19%
1980/81DeutschlandHamburger SV7Horst Hrubesch
19%
1971/72Deutschland1. FC Köln7Wolfgang Overath
19%
2004/05Deutschland1. FC Kaiserslautern6Carsten Jancker
18%
1997/98DeutschlandFC Bayern München6Carsten Jancker
18%
1979/80DeutschlandBorussia Dortmund9Manfred Burgsmüller
17%
1994/95DeutschlandBorussia Mönchengladbach6Heiko Herrlich
15%
1995/96DeutschlandKarlsruher SC4Thomas Häßler
13%
1973/74DeutschlandEintracht Frankfurt6Bernd Hölzenbein
12%
1964/65DeutschlandBorussia Dortmund4Lothar Emmerich
12%
1969/70Deutschland1. FC Köln6Hannes Löhr
10%
1971/72Deutschland1. FC Köln7Hannes Löhr
10%
1967/68Deutschland1. FC Köln5Hannes Löhr
10%
1972/73Deutschland1. FC Köln8Hannes Löhr
10%
1985/86DeutschlandVfB Stuttgart8Karl Allgöwer
10%
1990/91DeutschlandMSV Duisburg6Michael Tönnies
9%
1995/96Tschechien1. FC Kaiserslautern4Pavel Kuka
9%
1996/97DeutschlandTSV 1860 München4Bernhard Winkler
8%
1992/93DeutschlandBayer 04 Leverkusen6Andreas Thom
6%
1975/76Deutschland1. FC Kaiserslautern8Klaus Toppmöller
6%
1963/64DeutschlandTSV 1860 München5Rudolf Brunnenmeier
6%
1998/99DeutschlandRot-Weiß Oberhausen6Achim Weber
5%
2000/01DeutschlandBorussia Mönchengladbach6Arie van Lent
5%
1983/84DeutschlandEintracht Braunschweig5Ronald Worm
5%
2014/15DeutschlandTSG 1899 Hoffenheim6Sven Schipplock
4%
2009/10DeutschlandEintracht Trier4Sahr Senesie
3%
1982/83Deutschland1. FC Köln6Stephan Engels
3%
1995/96RusslandWerder Bremen4Wladimir Bestschastnych
3%
1971/72Deutschland1. FC Köln7Bernd Rupp
2%
1974/75DeutschlandVfB Stuttgart Amateure7Georg Müllner
2%
1957/58DeutschlandVfB Stuttgart3Rolf Geiger
2%
1964/65Deutschland1. FC Nürnberg4Tasso Wild
2%
1961/62Deutschland1. FC Nürnberg5Tasso Wild
2%
1999/00DeutschlandStuttgarter Kickers8Adnan Kevrić
1%
1959/60DeutschlandBorussia Mönchengladbach2Albert Brülls
1%
1955/56DeutschlandKarlsruher SC2Bernhard Termath
1%
1964/65DeutschlandAlemannia Aachen4Christian Breuer
1%
1988/89DeutschlandBayer 04 Leverkusen7Christian Schreier
1%
1986/87DeutschlandStuttgarter Kickers8Dirk Kurtenbach
1%
1954/55DeutschlandKarlsruher SC2Ernst Kunkel
1%
1953/54DeutschlandVfB Stuttgart2Erwin Waldner
1%
1955/56DeutschlandKarlsruher SC2Heinz Ruppenstein
1%
1980/81DeutschlandHamburger SV7Jimmy Hartwig
1%
1961/62Deutschland1. FC Nürnberg5Kurt Haseneder
1%
1964/65DeutschlandTSV Schwaben Augsburg4Kurt Haseneder
1%
1954/55DeutschlandKarlsruher SC2Kurt Sommerlatt
1%
1984/85DeutschlandSG Union Solingen5Manfred Dum
1%
1958/59DeutschlandSchwarz-Weiß Essen4Manfred Rummel
1%
1965/66DeutschlandFC St. Pauli5Peter Osterhoff
1%
1965/66DeutschlandFC Bayern München5Rainer Ohlhauser
1%
1956/57DeutschlandFC Bayern München2Rudolf Jobst
1%
1980/81DeutschlandHertha BSC7Thomas Remark
1%
1964/65DeutschlandFC Schalke 044Waldemar Gerhardt
1%
1961/62DeutschlandFC Schalke 045Waldemar Gerhardt
1%
1964/65DeutschlandFC Schalke 044Willi Koslowski
1%
1954/55LuxemburgKarlsruher SC2Antoine Kohn
0%
1952/53DeutschlandRot-Weiss Essen3Franz Islacker
0%
1953/54Deutschland1. FC Köln2Georg Stollenwerk
0%
1959/60DeutschlandKarlsruher SC2Gustav Witlatschil
0%
1954/55DeutschlandFC Schalke 042Helmut Sadlowski
0%
1960/61DeutschlandWerder Bremen3Klaus Hänel
0%
1954/55DeutschlandKarlsruher SC2Oswald Traub
0%

Verteilung der Resultate

Perzentil nach korrekt beantworteten Fragen

Anzahl Personen mit jedem Resultat

Ihre Resultats-Entwicklung

Sie haben dieses Quiz seit der letzten Aktualisierung nicht gespielt